TEXTBOOK OF PHYSIOLOGY (Record no. 216364)

MARC details
000 -LEADER
fixed length control field 00418nam a22001577a 4500
008 - FIXED-LENGTH DATA ELEMENTS--GENERAL INFORMATION
fixed length control field 251219b |||||||| |||| 00| 0 eng d
020 ## - INTERNATIONAL STANDARD BOOK NUMBER
International Standard Book Number 978-93-86235-27-5
100 ## - MAIN ENTRY--PERSONAL NAME
Personal name GUTTAL, MRUTYNJAY K
245 ## - TITLE STATEMENT
Title TEXTBOOK OF PHYSIOLOGY
260 ## - PUBLICATION, DISTRIBUTION, ETC.
Place of publication, distribution, etc. TELANGANA, INDIA
Name of publisher, distributor, etc. UNIVERSITIES PRESS
Date of publication, distribution, etc. 2018
300 ## - PHYSICAL DESCRIPTION
Extent XII,907P.
500 ## - GENERAL NOTE
General note INCLUDES INDEX
650 ## - SUBJECT ADDED ENTRY
Topical term or geographic name entry element 1. PHYSIOLOGY
942 ## - ADDED ENTRY ELEMENTS (KOHA)
Source of classification or shelving scheme Library of Congress Classification
Koha item type Long Loan Book

No items available.